=LDR 00000nam 2200000 4500 =001 INLIS000000000032337 =005 20200428080619 =035 ##$$a 0010-061300000032337 =008 200428################g##########0#ind## =041 ##$$a ind =082 ##$$a 2x3.1 =090 ##$$a 2x3.1, Abu t =100 ##$$a Abu Al-ma'ali Umar Bin Abdurrahman Al-Qazwiini =245 1#$$a 77 Cabang Keimanan /$c Abu Al-Ma'ali Umar Bin Abdurrahman Al-Qazwiini;Penerjemah, Muhammad Rasikh, Lc =260 ##$$a Jakarta :$b Darus sunnah,$c 2006 =300 ##$$a xii,197 hlm ; $c 13,5 x 20, 5 cm =650 #4$$a Iman Kepada Allah =850 ##$$a NBPNMAT =020 ##$$a 979-3772-31-x =084 ##$$a 2x3.1 ABU t =250 ##$$a Cet. 1 =990 ##$$a 21400613/BPAP-NTB/20142014 =990 ##$$a 2101220